Scientia Iuventa 2012 zborník príspevkov z medzinárodnej doktorandskej konferencie : Banská Bystrica, 8. jún 2012
Uložené v:
| Korporácia: | , |
|---|---|
| Ďalší autori: | , |
| Médium: | Kniha |
| Jazyk: | Slovak |
| Vydavateľské údaje: |
Banská Bystrica
Ekonomická fakulta UMB v Banskej Bystrici
2012
|
| Predmet: | |
| Tagy: |
Žiadne tagy, Buďte prvý, kto otaguje tento záznam!
|
MARC
| LEADER | 00000nlm$a2200000$$$4500 | ||
|---|---|---|---|
| 001 | 0156589 | ||
| 005 | 20250814093321.0 | ||
| 020 | |a 978-80-557-0362-6 | ||
| 041 | 0 | |a slo | |
| 044 | |a SK | ||
| 245 | 1 | 0 | |a Scientia Iuventa 2012 |b zborník príspevkov z medzinárodnej doktorandskej konferencie : Banská Bystrica, 8. jún 2012 |
| 264 | 1 | |a Banská Bystrica |b Ekonomická fakulta UMB v Banskej Bystrici |c 2012 | |
| 300 | |a CD-ROM [110 s.] | ||
| 610 | 2 | 0 | |a ruch cestovný |
| 610 | 2 | 0 | |a rozvoj regionálny |
| 610 | 2 | 0 | |a podnik |
| 610 | 2 | 0 | |a riadenie podnikové |
| 610 | 2 | 0 | |a hospodárstvo podnikové |
| 610 | 2 | 0 | |a ekonomika verejná |
| 610 | 2 | 0 | |a správa verejná |
| 700 | 1 | |a Benčo, Jozef | |
| 700 | 1 | |a Ďaďo, Jaroslav | |
| 110 | 2 | |a Scientia Iuventa 2012. Medzinárodná doktorandská konferencia | |
| 710 | 2 | |a Ekonomická fakulta UMB v Banskej Bystrici. Centrum rozvoja doktorandov | |